Proměny konceptu měnové politiky v kontextu hospodářského cyklu

Náčrt a analýza silných a slabých stránok alternatívnych konceptov menovej politiky.

Gespeichert in:
Bibliographische Detailangaben
1. Verfasser: Czesaný, Slavoj
Format: Buchkapitel
Sprache:Tschechisch
Schlagworte:
Tags: Tag hinzufügen
Keine Tags, Fügen Sie das erste Tag hinzu!

MARC

LEADER 00000naa a2200000 4500
001 0167913
005 20231128131712.0
041 0 |a cze 
044 |a CZ 
245 1 0 |a Proměny konceptu měnové politiky v kontextu hospodářského cyklu  |c Slavoj Czesaný 
520 |a Náčrt a analýza silných a slabých stránok alternatívnych konceptov menovej politiky. 
610 2 0 |a cykly hospodárske 
610 2 0 |a kríza finančná 
610 2 0 |a makroekonomika 
610 2 0 |a produkt domáci hrubý 
610 2 0 |a inflácia 
610 2 0 |a politika menová 
100 1 |a Czesaný, Slavoj